The risen Lord and His disciples. (Record no. 7584)

000 -LEADER
fixed length control field 00640nam a2200181 a 4500
001 - CONTROL NUMBER
control field :::00005345$&:&@@
003 - CONTROL NUMBER IDENTIFIER
control field OkBaRHE
005 - DATE AND TIME OF LATEST TRANSACTION
control field 20000607103325.0
008 - FIXED-LENGTH DATA ELEMENTS--GENERAL INFORMATION
fixed length control field j 000 0 eng u
040 ## - CATALOGING SOURCE
Transcribing agency
100 1# - MAIN ENTRY--PERSONAL NAME
Personal name Dobson, C.C.
245 14 - TITLE STATEMENT
Title The risen Lord and His disciples.
Statement of responsibility, etc Being a continuation of an earlier work entitled The empty tomb and the risen Lord.
260 ## - PUBLICATION, DISTRIBUTION, ETC. (IMPRINT)
Place of publication, distribution, etc London, UK:EN., :
Name of publisher, distributor, etc Stanely Martin & Co., Ltd.,;
Date of publication, distribution, etc cnd
300 ## - PHYSICAL DESCRIPTION
Extent 110 p. ;
Dimensions 19 cm.
650 ## - SUBJECT ADDED ENTRY--TOPICAL TERM
Topical term or geographic name as entry element Jesus Christ
General subdivision Resurrection
942 ## - ADDED ENTRY ELEMENTS (KOHA)
Source of classification or shelving scheme
Koha item type Books
Copies
Damaged status Barcode Permanent Location Shelving location Date last seen Date acquired Lost status Withdrawn status Copy number Full call number Price effective from Not for loan Source of classification or shelving scheme Koha item type
 5345RHEMA Bible Training CollegeGeneral Stacks2010-04-142010-04-14  1BT 481 .D5852010-04-14  Books